El Aparato educativo salvadoreño ante la crisis

Saved in:
Bibliographic Details
Main Author: Fischel Volio, Astrid
Format: Text
Published: San José: UCR
Tags: Add Tag
No Tags, Be the first to tag this record!

MARC

LEADER 00000 a a2200000 04500
001 21362
003
040
090 |a 093800  
100 |a Fischel Volio, Astrid  
245 |a El Aparato educativo salvadoreño ante la crisis  
260 |a San José:   |b UCR  
300 |a 45 p.  
999 |c 16146  |d 16146